01630nam a2200277 a 4500090001600000041000800016100002800024245013100052260005300183300001000236520068600246650002500932650002600957650003700983650004801020650002901068650001901097650001601116662005101132700002901183700003201212700003501244700003301279700002501312999001501337 aIAVHb00666 aspa aMúnera, Claudia94663 aCaracterización biológica del occidente del departamento de Boyacábespecies amenazadas de la Serranía de Las Quinchas aBogotábInstituto Alexander von Humboldtc2002 a36 p. aSe presentan algunas características del área de estudio como clima, geología y suelos, cuencas hidrográficas, aspectos socioeconómicos, localidades estudiadas. Se muestra la metodología empleada en la medición de la diversidad ecosistémica, la identificación de especies de aves amenazadas en la Serranía de Las Quinchas. Finalmente se exponen los resultados obtenidos en relación con: diversidad ecosistémica, fauna y flora de la Serranía de Las Quinchas, especies de plantas amenazadas, especies de aves amenazadas, especies amenazadas de otros grupos biológicos, Areas de Concentración de Especies de aves amenazadas e importancia de la Serranía aBiodiversidad992204 aConservación992401 aDiversidad ecosistémica992552 aAreas de concentración de especies992553 aEspecies amenazadas9157 aPlantas992294 aAves992429 aColombiacSerranía de Las QuinchasbBoyacá aFranco, Ana María9408 aRenjifo, Luis Miguel992541 aValencia, Iván Darío94874 aQuiceno, María Paula91346 aPolanco, Henry92500 c6165d6165